MDQL
is popping MORE tags! Check the
thread
!
Quizzes
Events
Quiz Creation
Community
Videos
Private Events
Remove Ads
Sign In
Join for FREE
Feedback
Dark Mode
Quiz Categories
Sports
Geography
Music
Movies
Television
Just For Fun
Miscellaneous
History
Literature
Language
Science
Gaming
Entertainment
Religion
Holiday
For Kids
Quiz Lab
Recent
Popular Today
Quiz Kudos Today
Editor Picks
Curator Picks
Quizzes by...
Day
Popularity
Type
Ratings
Length
Year
Community
Subscriptions
Recent Discussions
Orange Saloon
Badges
Playlists
Quests
Create
Leaderboards
Showdown
Live 5
Trivia Bingo
Activity
Puzzle Library
Sporcle Events
Private Events
Virtual Trivia
Globe League
Become a Host
Pub Owners
SporcleCon
Opinionation
Our Games
Videos
Blog
Mobile Apps
Partnerships
Remove Ads and Go Orange
Feedback
Literature
Harry Potter
A Song of Ice and Fire
The Hunger Games
Literary Character
Shakespeare
Book
Author
Novel
Poem
Young Adult
Children's Books
Play
Lord of the Rings
Literature
Harry Potter
A Song of Ice and Fire
The Hunger Games
Literary Character
Shakespeare
Book
Author
Novel
Poem
Young Adult
Children's Books
Play
Lord of the Rings
Random Quiz
Search Sporcle
×
Quiz Lab
Quiz Lab
Literature
Marvel
Type in answers that appear in a list
Type in answers that appear in a list
Classic
Best Score? Go Orange.
Marvels Top 100 Most Powerful Heroes and Villains Stats
Can you name the Marvels Top 100 Most Powerful Heroes and Villains?
By
grtom
10m
45 Questions
459 Plays
459 Plays
459 Plays
Comments
Comments
Give Quiz Kudos
Give Quiz Kudos
-
- Ratings
hide this ad
Replay
Link that replays current quiz
Next Quiz
Link to next quiz in quiz playlist
You Got
0%
They Got
Avg Score
71%
Avg Friend Score
Upgrade to see
Score Distribution
Jump to the score distribution portion of the page
Score
0/45
Timer
10:00
0
Plays Today
Hint
Answer
% Correct
Peter Parker
Spiderman
97.6%
Bruce Banner
Hulk
95.4%
Tony Stark
Iron Man
92.8%
Steve Rogers
Captain America
89.9%
Matthew Murdock
Daredevil
88.8%
Clinton Barton
Hawkeye
88.4%
James ''Logan'' Howlett
Wolverine
87.7%
Pietro Maximoff
Quicksilver
84.2%
Ben Grimm
Thing
84.2%
Scott Summers
Cyclops
83.2%
Reed Richards
Mr Fantastic
83.2%
Norman Osborn
Green Goblin
82.9%
Otto Octavius
Doctor Octopus
82.5%
Johnny Storm
Human Torch
82.3%
Eddie Brock
Venom
82.1%
Wanda Maximoff
Scarlet Witch
81.8%
Sue Storm
Invisible Woman
81.6%
Ororo Munro
Storm
80.5%
Wade Wilson
Deadpool
80.5%
T'Challa
Black Panther
80.3%
Scott Lang
Ant Man
79.9%
Victor Von Doom
Doctor Doom
79.4%
Hank McCoy
Beast
78.6%
Hint
Answer
% Correct
Frank Castle
Punisher
78.3%
James Rhodes
War Machine
75.7%
Sam Wilson
Falcon
74.4%
Dr. Curt Connors
Lizard
71.6%
Kurt Wagner
Nightcrawler
70.9%
Bobby Drake
Iceman
70.5%
Wilson Fisk
Kingpin
69.1%
Max Eisenhardt
Magneto
68.5%
Raven Darkholme
Mystique
65.6%
Remy LeBeau
Gambit
65%
Johann Schmidt
Red Skull
63.5%
Anna Marie
Rogue
61.9%
Victor Creed
Sabretooth
60%
En Sabah Nur
Apocalypse
59.5%
Danny Rand
Iron Fist
58.2%
Cain Marko
Juggernaut
56.7%
Emma Grace Frost
White Queen
54.7%
Flint Marko
Sandman
51.4%
Sean Cassidy
Banshee
44.4%
Mortimer Toynbee
Toad
27.1%
Black Widow
20.8%
Kyle Richmond
Nighthawk
12.7%
Quiz Playlist
Details
Report
Send in Message
Add To Playlist
Classic:
Type in answers that appear in a list
Last Updated: Feb 16, 2017
Quiz Scoreboard
CHALLENGE
Sign Up to Join the Scoreboard
Show All
Scores
Hide
Comments
May contain spoilers
Recently Published
Holiday 10x10 Sorting Gallery
by lukepisani3
Holiday
15m
Two Season TV Shows II
by 123Four
Television
10m
Image Sorting: Flags VI
by Barbecue
Geography
2m
More to Explore
Quiz From the Vault
Featured Blog Post
14 Easter Pick-up Lines to Find Eggs With
hide this ad
You Might Also Like...
Tags
Marvel Quiz
100
Here
Most Powerful
Powerful
Top 100
Today's Top Quizzes in Literature
Browse Literature
hide this ad
Today's Top Quizzes in Marvel
Browse Marvel
Top Contributed Quizzes in Literature
1
Sneaky Slytherin Logic Puzzle
2
Criteria Quiz: Harry Potter Deaths
3
Moaning Myrtle's Bathroom: Logic Puzzle
4
Get The Picture: Black or White Literature
5
Logic Puzzle: Avoid Dumbledore's Army
6
Harry Potter logic puzzle: The Hogwarts Soap Opera
7
Weasley Family Reunion: Logic Puzzle
8
'Middle' Earth
9
Missing Word: John Steinbeck Title Images
10
50 Books...Fast and Fatal!
Explore More
Trending Topics
Anime
Crossword
Kpop
Disney
NBA
Harry Potter
Marvel
Soccer
WWE
Pokémon
The Office
Country
Puzzle
NFL
Song
hide this ad
More By:
grtom
Quiz
Plays
Rating
Category
Featured
Created
Premier League 100 Greatest Players 15/16
542
2.67
Sports
Jan 25, 2016
Guitar Brands
465
Music
Jan 19, 2016
Marvels Top 100 Most Powerful Heroes and Villains
459
1.00
Literature
Jan 20, 2016
Liverpool 16/17 Squad
432
4.00
Sports
Sep 14, 2016
UFC 30 Greatest Fighters
427
1.00
Sports
Jan 24, 2016
Go to Creator's Profile
Score Distribution
Quiz Creator Spotlight
grtom
Follow
Send a Message
Quizzes Created
-
Created Quiz Play Count
-
More By This Creator
Popular Quizzes Today
1
Find the US States - No Outlines Minefield
2
Colored Red Africa Blitz
3
Find the 'City' Movie
4
The Countries of the World
5
Find the US States
6
5x2 Blitz: Bands
7
Find the Countries of Europe - No Outlines Minefield
8
US States
More Literature Quizzes
19th Century Literature Sorting Gallery
Published
Trending Quizzes
Colored Red Europe Blitz I
Colored Red Europe Blitz II
Colored Red Africa Blitz II
Colored Red Europe Blitz III
Colored Red Africa Blitz III
Recently Updated
Odd Team Out - Big 4 Players
pecheneg
Quick Pick: 20 Twenties
pecheneg
March Madness Men's Triple Doubles
pecheneg
How Do You Spell That?
pecheneg
Godzilla Movies
pecheneg
Grab Bag: 4-10 Letters
pecheneg
2024 March Madness Bracket
pecheneg
Famous TV Couples
Peacemaker
Champions League XIs: Real Madrid
pecheneg
Largest US Cities 1790-2010
pecheneg
Trending Topics
Anime
Crossword
Harry Potter
Disney
Marvel
Kpop
NBA
Puzzle
The Office
NFL
Pokémon
Song
WWE
Soccer
Country
Your Account Isn't Verified!
In order to create a playlist on Sporcle, you need to verify the email address you used during registration. Go to your
Sporcle Settings
to finish the process.
Report this User
Report this user for behavior that violates our
Community Guidelines
.
Details:
Send Report
Go to the Sporcle.com Mobile Site →
Comments